1259 1845 1976 1782 1632 1940 1472 1568 1452 1363 1763 1411 1181 1734 1648 1695 1547 1208 1737 1495 1337 1237 1875 1616 1798 1421 1774 1068 1801 1198 1262 1356 1433 1331 1554 1539 1260 1702 1581 1462 1295 1939 1715 1025 1809 1964 1116 1881 1884 1720 1037 1330 1034 1433 1349 1994 1778 1714 1940 1006 1963 1820 1289 1629 1913 1612 1607 1247 1974 1256 1575 1967 1183 1845 1420 1872 1821 1462 1392 1283 1438 1254 1837 1686 1181 1131 1193 1108 1779 1499 1804 1582 1061 1736 1133 1759 1915 1617 1513 BCNSPRNW ULIB Ver.6.0+V

เปลี่ยนเป็นภาษาไทย

Change to English
 แสดงรายละเอียดบรรณานุกรม
  กลับหน้าหลัก

Brief Record : Get Marc (ISO 2709) : E-mail record : QR code < ปิดหน้าต่าง
LEADER : 00000nam 2200000uu 4500
001    13399126475
003     ULIB
008    180920s2014||||th 000 0 tha d
020    ^a9781107682320
050    ^aPE1127.M4^bS828U
100    ^aStephanie Dimond-Bayir
245    ^aUnlock Listening and Speaking Skills 2 Student s Book and Online Workbook /^cStephanie Dimond-Bayir
260    ^aLondon :^bCambridge University Press,^c2014
300    ^a223 pages;^c26 cm
650    ^aListening
650  0 ^aSpeaking
945    ^p386^l0^i004649
999    ^aประนอม เกษจรัล
รายการนี้ยังไม่มีแท็ก
คุณยังไม่ได้ล็อกอิน คุณสามารถมีกิจกรรมร่วมกับเว็บไซต์ได้ แต่ต้องล็อกอินก่อน ::
  ล็อกอิน

รายการสื่อสารสนเทศ

ลำดับที่ ประเภท เลขเรียก/บาร์โค้ด สถานที่ สถานะ
1. การศึกษาทั่วไป
หนังสือสำรอง
สถานะ=หนังสือสำรอง
PE1127.M4 S828U ฉ.1 
  Barcode: 004649
ห้องสมุดวิทยาเขตสวรรค์ประชารักษ์
►หนังสือทั่วไป
บนชั้น

รายการใกล้เคียง
    ผู้แต่ง [Stephanie Dimond-Bayir]

    หัวเรื่อง [Listening]
    หัวเรื่อง [Speaking]

BibComment


ยังไม่เคยถูกคอมเมนท์

คอมเมนท์ทรัพยากรรายการนี้
  คอมเมนท์: Unlock Listening..


 Copyright 2026. Bcnsprnw @Library